000 00583nam a2200217 a 4500
999 _c4395
_d4395
001 4395
003 BD-JhCC
005 20171126204906.0
008 171126s1978 bg |||| ||a| 00| 0 ben d
035 _a(BD-JhCC)4395
040 _aBD-JhCC
_dBD-JhCC
041 _aeng
082 _a891.4415
_bSHO 1978
100 _aশরীফ, আহমদ
245 _aনবীবংশ /
_cআহমদ শরীফ
260 _aঢাকা :
_bবাংলা একাডেমী,
_c1978.
300 _a935 p. :
_c22 cm.
650 _aBengali Poem
942 _2ddc
_cBK